Engineering Drawing Geometrical Drawing (Record no. 6411)
[ view plain ]
| 000 -LEADER | |
|---|---|
| fixed length control field | 00349nam a2200145Ia 4500 |
| 003 - CONTROL NUMBER IDENTIFIER | |
| control field | OSt |
| 008 - FIXED-LENGTH DATA ELEMENTS--GENERAL INFORMATION | |
| fixed length control field | 191201s2010 xx 000 0 und d |
| 082 ## - DEWEY DECIMAL CLASSIFICATION NUMBER | |
| Classification number | 604.2 |
| Item number | GIE |
| 100 ## - MAIN ENTRY--PERSONAL NAME | |
| Personal name | GILL, P.S. |
| 245 #0 - TITLE STATEMENT | |
| Title | Engineering Drawing Geometrical Drawing |
| 260 ## - PUBLICATION, DISTRIBUTION, ETC. (IMPRINT) | |
| Place of publication, distribution, etc | New Delhi |
| Name of publisher, distributor, etc | S.K .Kataria |
| Date of publication, distribution, etc | 2010 |
| 300 ## - PHYSICAL DESCRIPTION | |
| Extent | 710 |
| 650 ## - SUBJECT ADDED ENTRY--TOPICAL TERM | |
| Topical term or geographic name as entry element | B.Tech(ME) |
| 942 ## - ADDED ENTRY ELEMENTS (KOHA) | |
| Source of classification or shelving scheme | Dewey Decimal Classification |
| Koha item type | Text Books |
| Withdrawn status | Lost status | Source of classification or shelving scheme | Damaged status | Not for loan | Collection code | Home library | Current library | Date acquired | Source of acquisition | Cost, normal purchase price | Bill Number | Total Checkouts | Full call number | Acc. no. / Barcode | Date last seen | Date last borrowed | Actual Cost, discounted price | Bill Date | Koha item type |
|---|---|---|---|---|---|---|---|---|---|---|---|---|---|---|---|---|---|---|---|
| Dewey Decimal Classification | B.Tech(ME) | PIET C-LIBRARY | PIET C-LIBRARY | 29/05/2015 | PANKAJ BOOK DEPOT PANIPAT | 340.00 | AS390 | 2 | 604.2 GIE | 26992 | 07/02/2025 | 08/08/2024 | 244.80 | 25/05/2015 | Text Books | ||||
| Dewey Decimal Classification | B.Tech(ME) | PIET C-LIBRARY | PIET C-LIBRARY | 29/05/2015 | PANKAJ BOOK DEPOT PANIPAT | 340.00 | AS390 | 604.2 GIE | 26993 | 04/12/2019 | 244.80 | 25/05/2015 | Text Books |